Interstate Numbers by Connected Cities - Statistics

General Stats
  • This quiz has been taken 45 times
  • The average score is 17 of 20
Answer Stats
City 1 City 2 Interstate # % Correct
San Diego Seattle 5
97%
Denver Baltimore 70
97%
Seattle Boston 90
97%
Miami Boston 95
97%
Los Angeles Houston 10
93%
Dallas Minneapolis 35
93%
San Francisco New York City 80
93%
Dallas Atlanta 20
90%
Miami Detroit 75
90%
San Diego Salt Lake City 15
86%
New Orleans Chicago 55
86%
Atlanta Charlotte 85
86%
Albuquerque Denver 25
83%
Dallas Houston 45
83%
Nashville Indianapolis 65
79%
Portland Salt Lake City 84
76%
Minneapolis Detroit 94
76%
Louisville Cleveland 71
72%
Pittsburgh Philadelphia 76
72%
Kansas City Omaha 29
69%
No matching quizzes found
Score Distribution
Percent of People with Each Score
Percentile by Number Answered
Your Score History
You have not taken this quiz